Handbook of optical design (Record no. 36207)

MARC details
000 -LEADER
fixed length control field 00840 a2200229 4500
003 - CONTROL NUMBER IDENTIFIER
control field IN-BaIIA
005 - DATE AND TIME OF LATEST TRANSACTION
control field 20260703162620.0
008 - FIXED-LENGTH DATA ELEMENTS--GENERAL INFORMATION
fixed length control field 260701b |||||||| |||| 00| 0 eng d
020 ## - INTERNATIONAL STANDARD BOOK NUMBER
International Standard Book Number 978-1-4398-6799-0
040 ## - CATALOGING SOURCE
Transcribing agency IIA LIB
080 ## - UNIVERSAL DECIMAL CLASSIFICATION NUMBER
Universal Decimal Classification number 535.8(035)
Item number MAL
100 ## - MAIN ENTRY--PERSONAL NAME
Personal name Malacara-Hernandez, Daniel and Malacara-Hernandez, Zacarias
9 (RLIN) 49457
245 ## - TITLE STATEMENT
Title Handbook of optical design
Statement of responsibility, etc. Daniel Malacara- Hernandez and Zacarias Malacara- Hernandez
250 ## - EDITION STATEMENT
Edition statement 3rd ed.
260 ## - PUBLICATION, DISTRIBUTION, ETC.
Place of publication, distribution, etc. Boca raton
Name of publisher, distributor, etc. CRC press
Date of publication, distribution, etc. 2013
300 ## - PHYSICAL DESCRIPTION
Extent xix, 549p.
650 ## - SUBJECT ADDED ENTRY--TOPICAL TERM
Topical term or geographic name entry element Lenses- Design and construction-Handbooks manuals
9 (RLIN) 49459
650 ## - SUBJECT ADDED ENTRY--TOPICAL TERM
Topical term or geographic name entry element Mirrors- Design and constructions - Handbooks
9 (RLIN) 49460
650 ## - SUBJECT ADDED ENTRY--TOPICAL TERM
Topical term or geographic name entry element Optical instructions- Design and constructions - Handbooks manuals
9 (RLIN) 49461
700 ## - ADDED ENTRY--PERSONAL NAME
Personal name Malacara - Hernandez, Zacarias
9 (RLIN) 49462
942 ## - ADDED ENTRY ELEMENTS (KOHA)
Source of classification or shelving scheme Universal Decimal Classification
Koha item type Books
Holdings
Withdrawn status Lost status Source of classification or shelving scheme Damaged status Not for loan Home library Current library Shelving location Date acquired Source of acquisition Cost, normal purchase price Total Checkouts Full call number Barcode Date last seen Cost, replacement price Price effective from Koha item type Purchase Price
    Dewey Decimal Classification     IIA Library-Bangalore IIA Library-Bangalore General Stacks 23/06/2026 7 21520.30   535.8(035)/ MAL 21083 23/06/2026 21520.30 23/06/2026 Books  

Powered by Koha